| 000 -LEADER |
| fixed length control field |
00783nam a22002297a 4500 |
| 005 - DATE AND TIME OF LATEST TRANSACTION |
| control field |
20260127113639.0 |
| 008 - FIXED-LENGTH DATA ELEMENTS--GENERAL INFORMATION |
| fixed length control field |
260127b ||||| |||| 00| 0 eng d |
| 020 ## - INTERNATIONAL STANDARD BOOK NUMBER |
| International Standard Book Number |
9780008471804 |
| 040 ## - CATALOGING SOURCE |
| Transcribing agency |
KH8 |
| 082 ## - DEWEY DECIMAL CLASSIFICATION NUMBER |
| Classification number |
823.92 WAL |
| 100 ## - MAIN ENTRY--PERSONAL NAME |
| Personal name |
WALLIAMS,DAVID |
| Relator term |
AUTHOR |
| 245 ## - TITLE STATEMENT |
| Title |
CODE NAME BANANAS |
| 260 ## - PUBLICATION, DISTRIBUTION, ETC. |
| Place of publication, distribution, etc. |
Macken House,39/40 Mayor Street Upper,Dublin 1,D01 C9W8,Ireland |
| Name of publisher, distributor, etc. |
HarperCollinsPublishers |
| Date of publication, distribution, etc. |
2023 |
| 300 ## - PHYSICAL DESCRIPTION |
| Extent |
428 pages |
| Other physical details |
b illustration |
| Dimensions |
13 cm x 19 cm |
| 520 ## - SUMMARY, ETC. |
| Summary, etc. |
"A young boy, his great-uncle, and a friendly gorilla from the London Zoo uncover a Nazi plot in wartime Britain." -Library Thing- |
| 650 ## - SUBJECT ADDED ENTRY--TOPICAL TERM |
| Topical term or geographic name entry element |
Juvenile Fiction |
| Form subdivision |
World War |
| 655 ## - INDEX TERM--GENRE/FORM |
| Genre/form data or focus term |
Children |
| 655 ## - INDEX TERM--GENRE/FORM |
| Genre/form data or focus term |
Literature |
| 655 ## - INDEX TERM--GENRE/FORM |
| Genre/form data or focus term |
Humour |
| 700 ## - ADDED ENTRY--PERSONAL NAME |
| Personal name |
ROSS,TONY |
| Relator term |
iLLUSTRATOR |
| 942 ## - ADDED ENTRY ELEMENTS (KOHA) |
| Source of classification or shelving scheme |
|
| Koha item type |
Books - Fiction |